Normal view
MARC view
Entry Personal Name
001 - CONTROL NUMBER
- control field: 75609
003 - CONTROL NUMBER IDENTIFIER
- control field: dpl
005 - DATE AND TIME OF LATEST TRANSACTION
- control field: 20241224120624.0
008 - FIXED-LENGTH DATA ELEMENTS
- fixed length control field: 241224|| aca||aabn | a|a d
040 ## - CATALOGING SOURCE
- Original cataloging agency: dpl
- Transcribing agency: dpl
100 ## - HEADING--PERSONAL NAME
- Personal name: Mehrotra, Dheeraj
670 ## - SOURCE DATA FOUND
- Source citation: Work cat.: (dpl)207922: Mehrotra, Dheeraj , ISC Computer Science Class 11/, 2025
